00000000nam 2200000zi 4500
0019.945295
003CaOODSP
00520241120135939
006m     o  d f      
007cr bn|||||||||
008241118s1982####onc     ob   f000 0 fre d
040 |aCaOODSP|bfre|erda|cCaOODSP
0861 |aCo24-3/1-82-012F-PDF
1001 |aBaer, James, |eauteur.
24510|aÉtude de l'impact socio-economique de la diffusion directe par satellite (DDS) (1) sur l'industrie canadienne de la television / |cauteurs: James Baer, Stuart Attwell ; entrepreneur: Raymond, Chabot, Martin, Paré et Cie.
264 1|aOttawa, Canada : |bMinistère des communications, Programme spatial, |c[1982].
300 |a1 ressource en ligne (1 volume (pagination multiple)).
336 |atexte|btxt|2rdacontent/fre
337 |ainformatique|bc|2rdamedia/fre
338 |aressource en ligne|bcr|2rdacarrier/fre
4901 |aRapport d'entrepreneur du MDC ; |v[MDC-CR-PS-82-012]
500 |a« Non classifié. »
500 |a« No de la demande du MDC: 36100-0-0921. »
500 |a« No de contrat d'Approvisionement et services: OGR 81-0328. »
500 |aÉdition numérisée de l'imprimé [par Innovation, sciences et développement économique Canada].
504 |aComprend des références bibliographiques.
650 6|aSatellites artificiels dans les télécommunications|zCanada.
650 6|aTélécommunications|xDroit|zCanada.
650 6|aTélévision|xPolitique gouvernementale|zCanada.
7101 |aCanada. |bMinistère des communications. |bProgramme spatial, |eorganisme de publication.
7102 |aRaymond, Chabot, Martin, Paré et Cie., |econsultant.
77508|tA study of the socio-economic impact of direct broadcast satellites on the Canadian TV broadcasting industry / |w(CaOODSP)9.945289
830#0|aRapport d'entrepreneur du MDC (Canada. Ministère des communications)|v[MDC-CR-PS-82-012].|w(CaOODSP)9.870428
85640|qPDF|s2.00 Mo|uhttps://publications.gc.ca/collections/collection_2024/isde-ised/Co24-3-1-82-012-fra.pdf